Nhi khoa y học cổ truyền

Na minha lista:
Detalhes bibliográficos
Autor principal: Trần Thúy
Formato: Livro
Idioma:Undetermined
Publicado em: H. Y Học 2002
Assuntos:
Tags: Adicionar Tag
Sem tags, seja o primeiro a adicionar uma tag!
Thư viện lưu trữ: Trung tâm Học liệu Trường Đại học Cần Thơ
LEADER 00536nam a2200181Ia 4500
001 CTU_52387
008 210402s9999 xx 000 0 und d
020 |b 9000 
082 |a 615.882 
082 |b Th523 
100 |a Trần Thúy 
245 0 |a Nhi khoa y học cổ truyền 
245 0 |c Trần Thúy và Đặng Minh Hằng 
260 |a H. 
260 |b Y Học 
260 |c 2002 
650 |a folk medicine - formulae, receipts, prescriptions,pediatrics 
980 |a Trung tâm Học liệu Trường Đại học Cần Thơ